000 00556nam a2200229Ia 4500
003 OSt
005 20220918221407.0
006 a|||||r|||| 00| 0
007 ta
008 220917b |||||||| |||| 00| 0 eng d
024 _a149,677
037 _cTextual
040 _aARTS
_cARTS
_beng
041 _2eng
_aeng
082 _aX.2.N5, J8;K0
100 _aJain P C
_9103481
245 0 _aProblems in Indian economics
260 _c1958
650 _aECONOMICS
942 _hX.2.N5, J8;K0
_cTEXL
_2CC
999 _c272339
_d272339